| 000 | 00398 a2200169 4500 | ||
|---|---|---|---|
| 001 | 190159 | ||
| 020 | _a978-85-98659-04-6 | ||
| 040 | _cMagnum | ||
| 100 | _aLisboa, Apolo Heringer | ||
| 240 | 1 | 0 |
_aAbordagem ecossistêmica da saúde _lpor |
| 245 | 1 | 0 | _aAbordagem ecossistêmica da saúde |
| 300 | _a200 | ||
| 362 | 0 | _a2012 | |
| 440 | 1 | _aInstituto Guaicuy | |
| 697 | _aBIOLOGIA | ||
| 942 | _cBK | ||
| 999 |
_c190159 _d190159 |
||